000 00396nam a2200145Ia 4500
008 211109s9999||||xx |||||||||||||| ||und||
082 _a894.8123
_bTOL-R
100 _aTolstoy, Leo
245 0 _aRandu Padayalikalll
260 _bCurrent Books
_aTrichur
_c1965
300 _a73p.
630 _xGeneral Stack
650 _aMalayalam Literature
_vMalayalam Fiction
_xMalayalam Novels
942 _cBOOK
999 _c26284
_d26284